Pro SharePoint 2003 Development Techniques (Record no. 1618)

MARC details
000 -LEADER
Fixed length control field 00517nam a2200181 4500
003 - CONTROL NUMBER IDENTIFIER
Control field SEACOMEC
005 - DATE AND TIME OF LATEST TRANSACTION
Control field 20240822131420.0
008 - FIXED-LENGTH DATA ELEMENTS--GENERAL INFORMATION
Fixed length control field 240822b |||||||| |||| 00| 0 eng d
020 ## - INTERNATIONAL STANDARD BOOK NUMBER / ISBN
International Standard Book Number 978-1590597613
Price 449.00
040 ## - CATALOGING SOURCE
Original cataloging agency SEACOMEC
082 ## - DEWEY DECIMAL CLASSIFICATION NUMBER
Classification number 004.34
Book Number B135
100 ## - MAIN ENTRY--PERSONAL NAME
Personal name Bruggeman , Nikander
245 ## - TITLE STATEMENT
Title Pro SharePoint 2003 Development Techniques
Statement of responsibility / Nikander Bruggeman and Margriet Bruggeman
260 ## - IMPRINT
Place of publication New Delhi
Name of publisher Springer
Date of publication 2007
300 ## - PHYSICAL DESCRIPTION
Page / Vol. No xvii, 395 p
650 ## - SUBJECT ADDED ENTRY--TOPICAL TERM
Topical term COMPUTER SCIENCE
942 ## - ADDED ENTRY ELEMENTS (KOHA)
Koha item type Books
Holdings
Withdrawn status Lost status Source of classification Damaged status Not for loan Home library Current library Date acquired Total Checkouts Call number Accession number Date last seen Price effective from Koha item type Copy number
    Dewey Decimal Classification     SEACOM ENGINEERING COLLEGE SEACOM ENGINEERING COLLEGE 30/05/2007   004.34 B135 6860 22/08/2024 22/08/2024 Reference Books  
    Dewey Decimal Classification     SEACOM ENGINEERING COLLEGE SEACOM ENGINEERING COLLEGE 30/05/2007   004.34 B135 6861 22/08/2024 22/08/2024 Books 1
© Seacom Engineering College, All rights reserved.      Powered by Koha